The Secret of the Old Mill (Record no. 9377)

MARC details
000 -CABECERA
campo de control de longitud fija 00545nam a2200205 a 4500
001 - NÚMERO DE CONTROL
campo de control BRL_565
005 - FECHA Y HORA DE LA ÚLTIMA TRANSACCIÓN
campo de control 20190320210813.0
008 - DATOS DE LONGITUD FIJA--INFORMACIÓN GENERAL
campo de control de longitud fija 030913s1927----nyua######---#000-1#eng-#
041 ## - CÓDIGO DE LENGUA
Código de lengua del texto/banda sonora o título independiente eng
044 ## - CÓDIGO DEL PAÍS DE LA ENTIDAD EDITORA/PRODUCTORA
Código MARC del país nyu
050 #4 - SIGNATURA TOPOGRÁFICA DE LA BIBLIOTECA DEL CONGRESO
Número de clasificación PZ7.D644
Número de documento/Ítem .D59 1927
100 1# - ENTRADA PRINCIPAL--NOMBRE DE PERSONA
Nombre de persona Dixon, Franklin W
9 (RLIN) 24305
245 10 - MENCIÓN DE TÍTULO
Título The Secret of the Old Mill
Mención de responsabilidad, etc. by Franklyn W. Dixon.
260 ## - PUBLICACIÓN, DISTRIBUCIÓN, ETC.
Lugar de publicación, distribución, etc. New York
Nombre del editor, distribuidor, etc. Grosset & Dunlap
Fecha de publicación, distribución, etc. 1927
300 ## - DESCRIPCIÓN FÍSICA
Extensión iv, 212 p.
Otras características físicas il.
Dimensiones 19 cm.
500 ## - NOTA GENERAL
Nota general Au642
650 14 - PUNTO DE ACCESO ADICIONAL DE MATERIA--TÉRMINO DE MATERIA
Término de materia o nombre geográfico como elemento de entrada Literatura canadiense
Subdivisión general Novela
9 (RLIN) 24306
902 ## - CATALOGADOR
Iniciales GRL
942 ## - ELEMENTOS DE PUNTO DE ACCESO ADICIONAL (KOHA)
Fuente del sistema de clasificación o colocación Library of Congress Classification
Tipo de ítem Koha Libros
Holdings
Estado de retiro Estado de pérdida Estado dañado No para préstamo Localización permanente Ubicación/localización actual Fecha de adquisición Número de inventario Total de préstamos Signatura topográfica completa Código de barras Fecha visto por última vez Precio válido a partir de Tipo de ítem Koha
El ejemplar forma parte de la colección y puede ser consultado según las políticas vigentes.       Biblioteca Centro de Estudios Ruth D. Lechuga Biblioteca Centro de Estudios Ruth D. Lechuga 03/09/2013 Au642   PZ7.D644 .D59 1927 (Au642) GRL00622 22/03/2019 22/03/2019 Libros